000 03304nam0a2200493 4500
001 RU\NLR\BIBL_A\022211658
005 20240621100428.0
010 _a978-5-6045656-9-8
_930
021 _aRU
_bКН-П-24-014792
_9КН-П-24-1560
035 _a(NLR Aleph) 022211658
090 _a13075101
_c13075101
100 _a20240502d2023 k y0rusy50 ca
101 0 _arus
_aeng
102 _aRU
105 _ach z 010yy
181 0 _ai3
_baxxe
182 0 _an
200 1 _aТрадиции в историко-правовой науке: ленинградская-петербургская школа
_dTraditions in historico-juridical science: Leningrad-St. Petersburg school
_e(к 100-летию А. И. Королёва и К. Е. Ливанцева)
_eсборник научных трудов
_fредакционная коллегия: ...Н. В. Дунаева, д-р юрид. наук, доцент (отв. ред.) [и др.]
_zeng
203 _aТекст
_bвизуальный
_cнепосредственный
210 _aСанкт-Петербург
_cПрезидентская библиотека
_d2023
215 _a286, [1] с.
_cпортр., цв. портр., факс.
_d24
225 1 _aСборники Президентской библиотеки
_dPresidential library collections
_iСерия "Историческое правоведение"
_fнауч. ред.: Д. И. Луковская, д-р юрид. наук, проф., заслуж. деят. науки Рос. Федерации, Н. В. Дунаева, д-р юрид. наук, доц.
_vвып. 10
_zeng
300 _aНа обл. и корешке загл. сер.: Историческое правоведение
300 _aЧасть текста парал. на рус. и англ. яз.
320 _aБиблиогр. в конце ст. и в подстроч. примеч.
510 1 _aTraditions in historico-juridical science: Leningrad-St. Petersburg school
_zeng
600 1 _aЛиванцев
_bК. Е.
_gКонстантин Евгеньевич
_f1923 - 2011
_2nlr_sh2
_3RU\NLR\AUTH\6601740912
600 1 _aКоролев
_bА. И.
_gАлексей Иванович
_f1923 - 2007
_2nlr_sh2
_3RU\NLR\AUTH\6601740913
606 1 _aПраво
_xИстория
_jСборники
_2nlr_sh2
_3RU\NLR\AUTH\66185804
606 1 _aПраво
_xТеория
_jСборники
_2nlr_sh1
_2nlr_sh2
_3RU\NLR\AUTH\66130636
686 1 _aХ.д(2)
686 1 _aХ2(0)я43
686 1 _aХ0я43
702 1 _aДунаева
_bН. В.
_gНаталья Викторовна
_4340
702 1 _aКоролев
_bА. И.
_cд-р юрид. наук
_f1923-2007
_gАлексей Иванович
_3RU\NLR\AUTH\7716679
_4280
702 1 _aЛиванцев
_bК. Е.
_f1923-
_gКонстантин Евгеньевич
_4280
856 4 _lVNP_SKP
_tVIEW
_uhttps://webservices.nlr.ru/viewer/file?name=a022211658_002.txt
_yАннотация
856 4 1 _lVNP_SKP
_tVIEW
_uhttps://webservices.nlr.ru/viewer/file?name=t022211658_001.jpg
_yОбложка
942 _cBOOK
980 4 _aVNP_SKP
980 _aNB